000 00292nam a22001337a 4500
008 170602b xxu||||| |||| 00| 0 eng d
020 _a9780810348608
041 _aeng
080 _a94
100 _a17
101 _aSHH
245 _aHEROES AND HEROINES
_cBROWNE.R.B
942 _2udc
_cBK
999 _c15615
_d15615